[Event "HUN-chT2 Asztalos 1819"]
[Site "Hungary"]
[Date "2019.02.24"]
[Round "6.7"]
[White "Hegedus, Dominik"]
[Black "Nagy, Peter2222"]
[Result "1-0"]
[WhiteElo "1981"]
[BlackElo "1577"]
[PlyCount "59"]
[EventDate "2018.10.28"]
[EventType "team-tourn"]
[EventRounds "9"]
[EventCountry "HUN"]
[SourceTitle "CBM 189 Extra"]
[Source "ChessBase"]
[SourceDate "2019.06.03"]
[SourceVersion "1"]
[SourceVersionDate "2019.06.03"]
[SourceQuality "1"]
[WhiteTeam "Decs 1990"]
[BlackTeam "Karmin"]
[WhiteTeamCountry "HUN"]
[BlackTeamCountry "HUN"]

1. e4 c6 2. Nc3 d5 3. Nf3 dxe4 4. Nxe4 Nd7 5. Bc4 Ngf6 6. Neg5 e6 7. Qe2 Nb6 8. Bb3 h6 9. Ne4 Be7 10. d4 0-0 11. c3 Nbd5 12. 0-0 Qc7 13. Bc2 a5 14. h3 b6 15. Nxf6+ Nxf6 16. Re1 Rd8 17. Ne5 Ba6 18. Qf3 c5 19. Qg3 cxd4 20. Bxh6 Bf8 21. Bg5 d3 22. Bb3 Nh5 23. Qg4 d2 24. Bxd8 Rxd8 25. Nxf7 dxe1Q+ 26. Rxe1 Bc8 27. Nxd8 Qxd8 28. Rxe6 a4 29. Rd6+ axb3 30. Qc4+ 1-0

[Event "HUN-chT2 Asztalos 1819"]
[Site "Hungary"]
[Date "2018.10.28"]
[Round "1.6"]
[White "Hegedus, Dominik"]
[Black "Peregi, Zsolt"]
[Result "1-0"]
[WhiteElo "1981"]
[BlackElo "1933"]
[PlyCount "61"]
[EventDate "2018.10.28"]
[EventType "team-tourn"]
[EventRounds "9"]
[EventCountry "HUN"]
[SourceTitle "CBM 189 Extra"]
[Source "ChessBase"]
[SourceDate "2019.06.03"]
[SourceVersion "1"]
[SourceVersionDate "2019.06.03"]
[SourceQuality "1"]
[WhiteTeam "Decs 1990"]
[BlackTeam "Szentlorinc"]
[WhiteTeamCountry "HUN"]
[BlackTeamCountry "HUN"]

1. e4 c5 2. c4 Nc6 3. Ne2 e6 4. Nbc3 Nf6 5. d4 cxd4 6. Nxd4 Bb4 7. Nxc6 bxc6 8. Bd3 d6 9. 0-0 Bxc3 10. bxc3 0-0 11. f4 Qa5 12. Qe1 e5 13. f5 d5 14. cxd5 cxd5 15. Bg5 Qb6+ 16. Kh1 dxe4 17. Rb1 Qc6 18. Bb5 Qd6 19. Qg3 Rb8 20. a4 Rd8 21. Rbd1 Qb6 22. a5 Nh5 23. axb6 Nxg3+ 24. hxg3 Rxd1 25. Rxd1 Bb7 26. bxa7 Ra8 27. Rd8+ Rxd8 28. Bxd8 Kf8 29. c4 e3 30. Kg1 f6 31. c5 1-0

[Event "HUN-chT U18"]
[Site "Zalakaros"]
[Date "2018.07.28"]
[Round "5.6"]
[White "Hegedus, Dominik"]
[Black "Juhasz, Adam"]
[Result "1-0"]
[WhiteElo "1927"]
[BlackElo "1929"]
[PlyCount "75"]
[EventDate "2018.07.26"]
[EventType "team-swiss"]
[EventRounds "7"]
[EventCountry "HUN"]
[SourceTitle "CBM 185 Extra"]
[Source "ChessBase"]
[SourceDate "2018.07.29"]
[SourceVersion "1"]
[SourceVersionDate "2018.07.29"]
[SourceQuality "1"]
[WhiteTeam "Dunaujvaros Bastya"]
[BlackTeam "Zsambek"]
[WhiteTeamCountry "HUN"]
[BlackTeamCountry "HUN"]

1. e4 b6 2. d4 Bb7 3. Nc3 e6 4. Bd3 Bb4 5. Nge2 Nf6 6. a3 Be7 7. 0-0 0-0 8. Ng3 Ba6 9. e5 Bxd3 10. Qxd3 Nd5 11. Nxd5 exd5 12. Nf5 d6 13. Qg3 g6 14. Bh6 dxe5 15. Nxe7+ Qxe7 16. Bxf8 Kxf8 17. dxe5 Nd7 18. e6 Nf6 19. exf7 Qxf7 20. Rae1 Ne4 21. Qe3 Re8 22. f3 Nf6 23. Qh6+ Kg8 24. Rxe8+ Qxe8 25. Qh4 Qf7 26. Re1 c5 27. Qf4 Ne8 28. Qe5 Nf6 29. Qb8+ Kg7 30. Qd8 Ng8 31. Re8 d4 32. Re4 h6 33. h4 h5 34. Qb8 Nf6 35. Qe5 Kg8 36. Rf4 Nd7 37. Qd6 Qe8 38. Re4 1-0

[Event "HUN-chT2 Asztalos 1718"]
[Site "Hungary"]
[Date "2018.05.06"]
[Round "9.7"]
[White "Szotak, Laszlo"]
[Black "Hegedus, Dominik"]
[Result "0-1"]
[WhiteElo "1943"]
[BlackElo "1973"]
[PlyCount "35"]
[EventDate "2017.10.29"]
[EventType "team-tourn"]
[EventRounds "9"]
[EventCountry "HUN"]
[SourceTitle "EXT 2021"]
[Source "ChessBase"]
[SourceDate "2020.10.23"]
[SourceVersion "1"]
[SourceVersionDate "2020.10.23"]
[SourceQuality "1"]
[WhiteTeam "Kaposvar Bastya"]
[BlackTeam "Decs 1990"]
[WhiteTeamCountry "HUN"]
[BlackTeamCountry "HUN"]

1. e4 c5 2. c3 Nf6 3. e5 Nd5 4. d4 cxd4 5. cxd4 Nc6 6. Nf3 d6 7. exd6 e6 8. a3 Bxd6 9. Nc3 Nxc3 10. bxc3 a6 11. Bd3 h6 12. 0-0 0-0 13. Qe2 Re8 14. Rd1 Qc7 15. Bc2 e5 16. dxe5 Nxe5 17. Nxe5 Bxe5 18. f4 0-1

[Event "HUN-chT2 Asztalos 1617"]
[Site "Hungary"]
[Date "2017.02.12"]
[Round "8.8"]
[White "Lovasz, Marcell"]
[Black "Hegedus, Dominik"]
[Result "0-1"]
[WhiteElo "1761"]
[BlackElo "1875"]
[PlyCount "82"]
[EventDate "2016.09.25"]
[EventType "team-tourn"]
[EventRounds "11"]
[EventCountry "HUN"]
[SourceTitle "EXT 2021"]
[Source "ChessBase"]
[SourceDate "2020.10.23"]
[SourceVersion "1"]
[SourceVersionDate "2020.10.23"]
[SourceQuality "1"]
[WhiteTeam "Komlo Banyasz II"]
[BlackTeam "Decs 1990 II"]
[WhiteTeamCountry "HUN"]
[BlackTeamCountry "HUN"]

1. d4 d5 2. Nf3 Nf6 3. Bg5 e6 4. e3 Be7 5. c4 0-0 6. Nbd2 a6 7. Be2 dxc4 8. Bxc4 b5 9. Bb3 Nbd7 10. Rc1 c5 11. dxc5 Nxc5 12. Bc2 Bb7 13. Bxf6 Bxf6 14. Bxh7+ Kxh7 15. Rxc5 Bxf3 16. Qxf3 Bxb2 17. Qe4+ g6 18. 0-0 Bf6 19. Nf3 Kg7 20. Rfc1 Ra7 21. g3 Rd7 22. Kg2 Qa8 23. Qxa8 Rxa8 24. R1c2 b4 25. Ne5 Bxe5 26. Rxe5 a5 27. Rb5 Rd3 28. Kf3 f5 29. Ke2 Rd6 30. Rcc5 Rh8 31. h4 Rhd8 32. Rxa5 Rd2+ 33. Kf3 Rb2 34. Ra7+ Kf6 35. g4 fxg4+ 36. Ke4 Rxf2 37. Rcc7 Rf8 38. Rc1 g3 39. Rg1 g2 40. Rb7 Rh8 41. Kd3 Rxh4 0-1

[Event "HUN-chT U18"]
[Site "Hajduboszormeny"]
[Date "2016.11.04"]
[Round "4.46"]
[White "Hegedus, Dominik"]
[Black "Fekete, Agnes"]
[Result "0-1"]
[WhiteElo "1878"]
[BlackElo "1856"]
[PlyCount "64"]
[EventDate "2016.11.02"]
[EventType "team-swiss"]
[EventRounds "8"]
[EventCountry "HUN"]
[SourceTitle "CBM 175 Extra"]
[Source "ChessBase"]
[SourceDate "2016.12.12"]
[SourceVersion "1"]
[SourceVersionDate "2016.12.12"]
[SourceQuality "1"]

1. e4 c5 2. c4 d6 3. Ne2 Nf6 4. Nbc3 e6 5. d4 cxd4 6. Nxd4 Be7 7. Be2 0-0 8. Be3 a6 9. 0-0 Nc6 10. Rc1 Bd7 11. f4 Rc8 12. Kh1 Qc7 13. b3 Qb8 14. Bf3 Rfd8 15. Nc2 b5 16. cxb5 axb5 17. Ne2 Be8 18. Ncd4 d5 19. e5 Ne4 20. Nxc6 Rxc6 21. Rxc6 Bxc6 22. Nd4 Ba8 23. Bxe4 dxe4 24. Qg4 g6 25. Nxe6 Rd3 26. Bc1 h5 27. Qe2 fxe6 28. f5 exf5 29. Bf4 Qd8 30. Qc2 e3 31. Bxe3 Rxe3 32. Qc1 Bg5 0-1

[Event "HUN-chT2 Charousek 1516"]
[Site "Hungary"]
[Date "2016.04.17"]
[Round "9.12"]
[White "Hegedus, Dominik"]
[Black "Medvegyne Balogh, Emese"]
[Result "1/2-1/2"]
[WhiteElo "1800"]
[BlackElo "2082"]
[PlyCount "57"]
[EventDate "2015.10.18"]
[EventType "team-tourn"]
[EventRounds "9"]
[EventCountry "HUN"]
[SourceTitle "EXT 2017"]
[Source "ChessBase"]
[SourceDate "2016.10.25"]
[SourceVersion "1"]
[SourceVersionDate "2016.10.25"]
[SourceQuality "1"]
[WhiteTeam "Decs 1990"]
[BlackTeam "Hobagoly"]
[WhiteTeamCountry "HUN"]
[BlackTeamCountry "HUN"]

1. c4 e5 2. g3 Nc6 3. Bg2 d6 4. Nc3 g6 5. e3 Bg7 6. Nge2 Nge7 7. 0-0 0-0 8. b3 Be6 9. Ba3 Re8 10. Nd5 Rb8 11. Nec3 Qd7 12. Rc1 Nd8 13. Nxe7+ Qxe7 14. d4 exd4 15. exd4 c5 16. d5 Bf5 17. Qd2 Qd7 18. Rfe1 Re5 19. Bb2 Rxe1+ 20. Rxe1 f6 21. Ne4 Bxe4 22. Rxe4 f5 23. Re3 Nf7 24. Bxg7 Kxg7 25. Qe2 Kf8 26. f4 b5 27. cxb5 Qxb5 28. Qxb5 Rxb5 29. Bf1 1/2-1/2

[Event "HUN-chT2 Asztalos 1516"]
[Site "Hungary"]
[Date "2016.02.28"]
[Round "8.10"]
[White "Hegedus, Dominik"]
[Black "Furi, Janos"]
[Result "1-0"]
[WhiteElo "1853"]
[BlackElo "1775"]
[PlyCount "87"]
[EventDate "2015.09.13"]
[EventType "team-tourn"]
[EventRounds "11"]
[EventCountry "HUN"]
[SourceTitle "EXT 2017"]
[Source "ChessBase"]
[SourceDate "2016.10.25"]
[SourceVersion "1"]
[SourceVersionDate "2016.10.25"]
[SourceQuality "1"]
[WhiteTeam "Decs 1990 II"]
[BlackTeam "Nagyatad"]
[WhiteTeamCountry "HUN"]
[BlackTeamCountry "HUN"]

1. c4 Nf6 2. g3 d6 3. Bg2 g6 4. d4 Bg7 5. Nc3 c6 6. e3 0-0 7. Nge2 Qc7 8. 0-0 Nbd7 9. b3 e5 10. Bb2 Re8 11. Rc1 Nf8 12. Qd2 Bg4 13. h3 Bxe2 14. Nxe2 Rad8 15. Rfd1 Qd7 16. Qa5 exd4 17. Bxd4 b6 18. Qa4 Rc8 19. Bxf6 Bxf6 20. Nd4 Bxd4 21. Rxd4 Ne6 22. Rd2 Red8 23. Rcd1 Qc7 24. Qa3 Nc5 25. b4 Ne6 26. Qc3 Rd7 27. f4 Rcd8 28. Qf6 b5 29. cxb5 cxb5 30. Bd5 Qb6 31. Rd3 Ng7 32. g4 Ne8 33. Qg5 Kg7 34. f5 f6 35. Qf4 Nc7 36. Be6 g5 37. Qg3 Nxe6 38. fxe6 Re7 39. Rxd6 Qb8 40. Kf2 Rde8 41. Rd7 Qc8 42. Qd6 Kf8 43. Rd2 Qb8 44. Rxe7 1-0

[Event "HUN-chT2 Asztalos 1516"]
[Site "Hungary"]
[Date "2015.11.08"]
[Round "4.11"]
[White "Hegedus, Dominik"]
[Black "Kun, Balint"]
[Result "1-0"]
[WhiteElo "1853"]
[BlackElo "1378"]
[PlyCount "103"]
[EventDate "2015.09.13"]
[EventType "team-tourn"]
[EventRounds "11"]
[EventCountry "HUN"]
[SourceTitle "CBM 170 Extra"]
[Source "ChessBase"]
[SourceDate "2016.02.25"]
[SourceVersion "1"]
[SourceVersionDate "2016.02.25"]
[SourceQuality "1"]
[WhiteTeam "Decs 1990 II"]
[BlackTeam "Fehervar"]
[WhiteTeamCountry "HUN"]
[BlackTeamCountry "HUN"]

1. Nf3 d5 2. e3 Nf6 3. b3 g6 4. Bb2 Bg7 5. d4 0-0 6. Bd3 Nc6 7. Nbd2 Bd7 8. 0-0 Re8 9. c4 Bg4 10. h3 Bd7 11. a3 a5 12. Ne5 e6 13. Ndf3 Qe7 14. Qe1 Ne4 15. Nxc6 bxc6 16. Ne5 Reb8 17. b4 Bxe5 18. dxe5 axb4 19. axb4 Rxa1 20. Qxa1 Qxb4 21. Bd4 Nd2 22. Bc3 Qb3 23. Rd1 dxc4 24. Rxd2 cxd3 25. Rb2 c5 26. Rxb3 Rxb3 27. f4 c4 28. g4 Bc6 29. Kf2 Be4 30. Qa5 h5 31. gxh5 gxh5 32. h4 Kh7 33. Ke1 Rb1+ 34. Kf2 Kg6 35. Qxc7 Bd5 36. Qe7 Rc1 37. Qf6+ Kh7 38. Qxf7+ Kh8 39. Qxh5+ Kg7 40. Qg5+ Kh7 41. Qe7+ Kg6 42. Qb4 Rc2+ 43. Kg3 Re2 44. f5+ Kxf5 45. Qf8+ Kg6 46. Qg8+ Kh6 47. Qh8+ Kg6 48. Qf6+ Kh7 49. Kg4 Rg2+ 50. Kh5 Bc6 51. Qh6+ Kg8 52. Qxe6+ 1-0

[Event "HUN-chT2 Asztalos 1516"]
[Site "Hungary"]
[Date "2015.10.18"]
[Round "3.11"]
[White "Guricza, Zoltan"]
[Black "Hegedus, Dominik"]
[Result "0-1"]
[WhiteElo "1616"]
[BlackElo "1853"]
[PlyCount "66"]
[EventDate "2015.09.13"]
[EventType "team-tourn"]
[EventRounds "11"]
[EventCountry "HUN"]
[SourceTitle "CBM 170 Extra"]
[Source "ChessBase"]
[SourceDate "2016.02.25"]
[SourceVersion "1"]
[SourceVersionDate "2016.02.25"]
[SourceQuality "1"]
[WhiteTeam "Marcali"]
[BlackTeam "Decs 1990 II"]
[WhiteTeamCountry "HUN"]
[BlackTeamCountry "HUN"]

1. e4 c5 2. Nf3 Nc6 3. d4 cxd4 4. Nxd4 Nf6 5. Nc3 d6 6. Be3 e5 7. Nb3 Be6 8. Bd3 Be7 9. 0-0 0-0 10. f3 d5 11. exd5 Nxd5 12. Nxd5 Bxd5 13. Nd2 f5 14. b3 Bg5 15. Bxg5 Qxg5 16. Qe1 Rfe8 17. Bc4 Bxc4 18. Nxc4 Nd4 19. Rc1 Qxc1 20. Nd6 Qxe1 21. Rxe1 Nxc2 22. Rc1 Nd4 23. Rc7 Re6 24. Nxb7 e4 25. Nc5 Ree8 26. fxe4 fxe4 27. Rd7 Rad8 28. Rxd8 Rxd8 29. Nxe4 Ne2+ 30. Kf2 Nc1 31. Nc3 Nxa2 32. Nxa2 Rd2+ 33. Kg3 Rxa2 0-1

[Event "EU-ch U12 25th"]
[Site "Porec"]
[Date "2015.09.25"]
[Round "5"]
[White "Hegedus, Dominik"]
[Black "Subelj, Jan"]
[Result "0-1"]
[WhiteElo "1802"]
[BlackElo "1964"]
[PlyCount "92"]
[EventDate "2015.09.21"]
[EventType "swiss"]
[EventRounds "9"]
[EventCountry "CRO"]
[SourceTitle "EXT 2016"]
[Source "ChessBase"]
[SourceDate "2015.10.08"]
[SourceVersion "1"]
[SourceVersionDate "2015.10.08"]
[SourceQuality "1"]

1. c4 e6 2. Nc3 Nf6 3. g3 d5 4. cxd5 exd5 5. d4 c6 6. Bg2 Bb4 7. Nf3 0-0 8. 0-0 Re8 9. Bg5 Nbd7 10. a3 Bd6 11. Nd2 h6 12. Bxf6 Nxf6 13. e4 dxe4 14. Ndxe4 Nxe4 15. Nxe4 Bf8 16. Nc3 Qb6 17. d5 Bd7 18. dxc6 Bxc6 19. Bxc6 Qxc6 20. Rc1 Rad8 21. Qc2 Qf3 22. Rcd1 h5 23. Rxd8 Rxd8 24. Qe4 Qxe4 25. Nxe4 Rc8 26. Rd1 Rc2 27. Rd2 Rxd2 28. Nxd2 Bc5 29. Ne4 Bd4 30. b4 Kf8 31. Kf1 Ke7 32. f3 b5 33. Ke2 Bb2 34. Kd3 Bxa3 35. Kc3 f5 36. Nf2 Bc1 37. Nd3 Be3 38. Ne5 Ke6 39. Ng6 Kf6 40. Kd3 Bg1 41. Nf4 Bxh2 42. Nxh5+ Kf7 43. Kd4 g6 44. Nf4 Bxg3 45. Nd5 Bd6 46. Nc3 a6 0-1

[Event "EU-ch U12 25th"]
[Site "Porec"]
[Date "2015.09.21"]
[Round "1"]
[White "Hegedus, Dominik"]
[Black "Gavrilescu, David"]
[Result "0-1"]
[WhiteElo "1802"]
[BlackElo "2208"]
[PlyCount "76"]
[EventDate "2015.09.21"]
[EventType "swiss"]
[EventRounds "9"]
[EventCountry "CRO"]
[SourceTitle "EXT 2016"]
[Source "ChessBase"]
[SourceDate "2015.10.08"]
[SourceVersion "1"]
[SourceVersionDate "2015.10.08"]
[SourceQuality "1"]

1. e4 c5 2. Nf3 e6 3. c4 Nc6 4. Nc3 Nd4 5. d3 Ne7 6. Nxd4 cxd4 7. Ne2 Nc6 8. g3 b5 9. cxb5 Qa5+ 10. Bd2 Qxb5 11. Nf4 Qxb2 12. Rb1 Qa3 13. Qb3 Ba6 14. Qxa3 Bxa3 15. Rb3 Bd6 16. Bg2 0-0 17. Ke2 Ne5 18. h4 f6 19. Rhb1 Rab8 20. h5 g5 21. hxg6 hxg6 22. Bb4 Bxb4 23. Rxb4 Rxb4 24. Rxb4 g5 25. Ra4 Bb5 26. Rb4 a6 27. a4 Nc6 28. Rb2 Bxa4 29. Nh3 a5 30. Rb7 Ra8 31. Rxd7 Bb3 32. e5 Nxe5 33. Rxd4 Ra7 34. f4 Nf7 35. Kd2 a4 36. Re4 a3 37. Re1 a2 38. Ra1 Rc7 0-1

[Event "HUN-chT2 Asztalos 1516"]
[Site "Hungary"]
[Date "2015.09.13"]
[Round "1.11"]
[White "Follardt, Lorinc"]
[Black "Hegedus, Dominik"]
[Result "0-1"]
[WhiteElo "1552"]
[BlackElo "1853"]
[PlyCount "114"]
[EventDate "2015.09.13"]
[EventType "team-tourn"]
[EventRounds "11"]
[EventCountry "HUN"]
[SourceTitle "CBM 170 Extra"]
[Source "ChessBase"]
[SourceDate "2016.02.25"]
[SourceVersion "1"]
[SourceVersionDate "2016.02.25"]
[SourceQuality "1"]
[WhiteTeam "Baja Spartacus"]
[BlackTeam "Decs 1990 II"]
[WhiteTeamCountry "HUN"]
[BlackTeamCountry "HUN"]

1. d4 Nf6 2. f4 g6 3. Nf3 Bg7 4. e3 0-0 5. c4 c5 6. Bd3 d6 7. 0-0 Na6 8. a3 cxd4 9. e4 Bg4 10. h3 Bxf3 11. Qxf3 e5 12. f5 Qc7 13. b4 Rac8 14. g4 Nd7 15. h4 f6 16. g5 Nb6 17. h5 fxg5 18. Bxg5 Qf7 19. hxg6 hxg6 20. Nd2 Nb8 21. Qg3 N8d7 22. Rf2 gxf5 23. Rxf5 Qg6 24. Qh4 Qh7 25. Qxh7+ Kxh7 26. Be7 Rg8 27. Kf2 Bh6 28. Rh1 Rg6 29. Bg5 Rf8 30. Rxf8 Nxf8 31. Rxh6+ Rxh6 32. Bxh6 Kxh6 33. Nb3 Ne6 34. Ke2 Nf4+ 35. Kd2 Nxd3 36. Kxd3 Na4 37. Kc2 b6 38. Nd2 Kg5 39. Kd3 Kf4 40. Ke2 a6 41. Kd3 Nc3 42. Nb3 Nxe4 43. Nxd4 Nf2+ 44. Kc3 Nd1+ 45. Kd3 Nb2+ 46. Kc3 exd4+ 47. Kxd4 Nxc4 48. Kxc4 Ke4 49. Kc3 d5 50. Kd2 d4 51. Ke2 d3+ 52. Kd2 Kd4 53. Kd1 Kc3 54. Kc1 d2+ 55. Kd1 b5 56. Ke2 Kc2 57. Ke3 d1Q 0-1

[Event "HUN-chT U18"]
[Site "Budapest"]
[Date "2015.08.30"]
[Round "8.42"]
[White "Karko, Balint"]
[Black "Hegedus, Dominik"]
[Result "1/2-1/2"]
[WhiteElo "1471"]
[BlackElo "1769"]
[PlyCount "126"]
[EventDate "2015.08.26"]
[EventType "team-swiss"]
[EventRounds "8"]
[EventCountry "HUN"]
[SourceTitle "EXT 2016"]
[Source "ChessBase"]
[SourceDate "2015.10.08"]
[SourceVersion "1"]
[SourceVersionDate "2015.10.08"]
[SourceQuality "1"]

1. c4 g6 2. g3 Bg7 3. Bg2 Nf6 4. Nc3 d6 5. e3 0-0 6. Nge2 e5 7. 0-0 Nbd7 8. d4 Ne8 9. a4 f5 10. e4 fxe4 11. Nxe4 Ndf6 12. dxe5 Nxe4 13. Bxe4 Bxe5 14. Qb3 Kh8 15. a5 a6 16. f4 Bg7 17. Qf3 c6 18. Qb3 Nf6 19. Bg2 Bg4 20. Nc3 Qc8 21. Na4 Nd7 22. Be3 Re8 23. h3 Be6 24. Rad1 Bxc4 25. Qxc4 Rxe3 26. Rxd6 Qc7 27. Rfd1 Nf6 28. Nb6 Rae8 29. Kh2 Qe7 30. Qb4 Qf7 31. Nc4 Re2 32. Ne5 Qe7 33. Qb3 Rf8 34. Kg1 Rxe5 35. fxe5 Qxe5 36. Kh2 Nd5 37. Rd7 Rf2 38. Rg1 Ne3 39. Rd8+ Bf8 40. Qc3 Qxc3 41. bxc3 Kg7 42. Rd7+ Kh6 43. h4 Nf5 44. Rxb7 Bd6 45. Kh3 Rc2 46. Be4 Rxc3 47. Bxf5 gxf5 48. Rf7 Kg6 49. Rd7 Be5 50. h5+ Kxh5 51. Rxh7+ Kg6 52. Re7 Kf6 53. Re8 f4 54. Kh4 f3 55. Rf1 Kf5 56. g4+ Kf4 57. g5 Rc2 58. Rf8+ Ke4 59. R8xf3 Rh2+ 60. Rh3 Rg2 61. Kh5 Bf4 62. g6 Kf5 63. Rxf4+ Kxf4 1/2-1/2

[Event "HUN-chT U18"]
[Site "Budapest"]
[Date "2015.08.28"]
[Round "5.36"]
[White "Pasztor, Daniel"]
[Black "Hegedus, Dominik"]
[Result "0-1"]
[WhiteElo "1645"]
[BlackElo "1769"]
[PlyCount "118"]
[EventDate "2015.08.26"]
[EventType "team-swiss"]
[EventRounds "8"]
[EventCountry "HUN"]
[SourceTitle "EXT 2016"]
[Source "ChessBase"]
[SourceDate "2015.10.08"]
[SourceVersion "1"]
[SourceVersionDate "2015.10.08"]
[SourceQuality "1"]

1. e4 c5 2. Nf3 Nc6 3. d4 cxd4 4. Nxd4 Nf6 5. f3 d6 6. Nc3 e5 7. Nb3 Be6 8. Be3 Be7 9. Be2 0-0 10. f4 exf4 11. Bxf4 Ne5 12. Nd5 Nxe4 13. Nxe7+ Qxe7 14. Qd4 Bxb3 15. axb3 Ng6 16. 0-0 Nxf4 17. Rxf4 Nf6 18. Bc4 Qe5 19. Qf2 Qxb2 20. Rd1 Qe5 21. Re1 Qc5 22. Re7 Qxf2+ 23. Rxf2 b6 24. Rd2 Rad8 25. Rxa7 d5 26. Bd3 Rfe8 27. Kf1 Ng4 28. h3 Ne3+ 29. Kf2 Rd6 30. Re2 Rf6+ 31. Kg1 Rfe6 32. Bb5 Rd8 33. Rd2 g6 34. Rf2 f5 35. Re2 Re4 36. Bd3 Re5 37. Bb5 Rc8 38. Bd3 Rce8 39. Rd2 R8e7 40. Ra8+ Kg7 41. Ra6 R5e6 42. Be2 d4 43. Bb5 Rc7 44. Rxd4 Rxc2 45. Ra7+ Kf6 46. Ra1 Rxg2+ 47. Kh1 Rb2 48. Rd3 Nc2 49. Rg1 Re3 50. Rxe3 Nxe3 51. Ba4 f4 52. Re1 Nf5 53. Kg1 Ng3 54. Re8 Kf7 55. Rb8 f3 56. Rb7+ Kg8 57. Rb8+ Kg7 58. Rb7+ Kh6 59. Rf7 Rg2# 0-1

[Event "HUN-chT U18"]
[Site "Budapest"]
[Date "2015.08.27"]
[Round "2.36"]
[White "Hegedus, Dominik"]
[Black "Gombos, Bettina"]
[Result "1/2-1/2"]
[WhiteElo "1769"]
[BlackElo "1913"]
[PlyCount "109"]
[EventDate "2015.08.26"]
[EventType "team-swiss"]
[EventRounds "8"]
[EventCountry "HUN"]
[SourceTitle "EXT 2016"]
[Source "ChessBase"]
[SourceDate "2015.10.08"]
[SourceVersion "1"]
[SourceVersionDate "2015.10.08"]
[SourceQuality "1"]

1. e4 c5 2. Nf3 e6 3. c4 d6 4. Nc3 Nf6 5. d4 cxd4 6. Nxd4 a6 7. Be3 Be7 8. Be2 0-0 9. 0-0 Qc7 10. Rc1 Nbd7 11. f4 b6 12. Bf3 Bb7 13. b4 Rac8 14. f5 e5 15. Nb3 Qb8 16. Nd5 Bxd5 17. cxd5 Rxc1 18. Qxc1 Rc8 19. Qd2 Rc4 20. g4 Qc8 21. Rc1 Rxc1+ 22. Qxc1 Qxc1+ 23. Bxc1 b5 24. Na5 Bd8 25. Nc6 Bb6+ 26. Kf1 h6 27. h4 Ne8 28. Be2 Ndf6 29. Bf3 Nd7 30. g5 hxg5 31. hxg5 Kf8 32. Ke2 Bc7 33. Be3 Nb6 34. Bxb6 Bxb6 35. Nb8 Bd8 36. Nxa6 Bxg5 37. Kd1 Bd8 38. Be2 Nf6 39. Bd3 g5 40. fxg6 fxg6 41. Ke2 g5 42. Kf3 g4+ 43. Kg3 Kg7 44. Bxb5 Nxe4+ 45. Kxg4 Nf6+ 46. Kf5 Nxd5 47. Ke6 Nc3 48. Bc4 e4 49. Kxd6 e3 50. Nc5 Nxa2 51. b5 Kf6 52. Bxa2 Be7+ 53. Kd5 Bxc5 54. Bc4 Bb6 55. Ke4 1/2-1/2

[Event "HUN-chT U18"]
[Site "Budapest"]
[Date "2015.08.27"]
[Round "3.35"]
[White "Hegedus, Dominik"]
[Black "Olle, Rebeka Sara"]
[Result "1-0"]
[WhiteElo "1769"]
[BlackElo "1813"]
[PlyCount "84"]
[EventDate "2015.08.26"]
[EventType "team-swiss"]
[EventRounds "8"]
[EventCountry "HUN"]
[SourceTitle "EXT 2016"]
[Source "ChessBase"]
[SourceDate "2015.10.08"]
[SourceVersion "1"]
[SourceVersionDate "2015.10.08"]
[SourceQuality "1"]

1. e4 c5 2. Nf3 Nc6 3. c4 e6 4. Nc3 Nge7 5. d4 cxd4 6. Nxd4 Nxd4 7. Qxd4 Nc6 8. Qd1 g6 9. Bf4 e5 10. Bg3 Qb6 11. Qd2 Bb4 12. a3 Qa5 13. 0-0-0 Nd4 14. Kb1 Bxc3 15. Qxc3 Qxc3 16. bxc3 Nc6 17. Rd5 f6 18. c5 Nd8 19. Bb5 h5 20. h4 Ne6 21. Rhd1 Rh7 22. Rd6 Nc7 23. Ba4 Na6 24. Rxf6 Nxc5 25. Bc2 b6 26. Rxg6 Kf7 27. Rg5 Bb7 28. Bxe5 Rg8 29. Rxg8 Kxg8 30. f3 Re7 31. Bb8 a6 32. Bc7 Re6 33. Bd6 Rg6 34. Bxc5 bxc5 35. Rxd7 Bc6 36. Bb3+ Kf8 37. Rf7+ Ke8 38. Rc7 Kd8 39. Rh7 Rxg2 40. Rxh5 Rf2 41. Rxc5 Bb7 42. Bd5 Bc8 1-0

[Event "HUN-ch U12"]
[Site "Balatonlelle"]
[Date "2015.06.22"]
[Round "7"]
[White "Ongut, Tamas Gunes"]
[Black "Hegedus, Dominik"]
[Result "1-0"]
[WhiteElo "1703"]
[BlackElo "1847"]
[PlyCount "121"]
[EventDate "2015.06.18"]
[EventType "swiss"]
[EventRounds "9"]
[EventCountry "HUN"]
[SourceTitle "CBM 167 Extra"]
[Source "ChessBase"]
[SourceDate "2015.09.14"]
[SourceVersion "1"]
[SourceVersionDate "2015.09.14"]
[SourceQuality "1"]

1. d4 Nf6 2. Nf3 g6 3. g3 Bg7 4. Bg2 0-0 5. 0-0 d6 6. c4 Nbd7 7. Nc3 e5 8. dxe5 dxe5 9. h3 c6 10. Qc2 Qc7 11. Rd1 Nb6 12. b3 Bf5 13. e4 Be6 14. g4 Rfd8 15. Be3 h5 16. g5 Nh7 17. Rxd8+ Rxd8 18. Rd1 Rxd1+ 19. Qxd1 Qe7 20. c5 Nd7 21. b4 b6 22. cxb6 Nxb6 23. Bc5 Qd7 24. Qxd7 Bxd7 25. a4 Nf8 26. a5 Nc8 27. Ne2 Ne6 28. Be3 a6 29. Nc1 Nd6 30. Nd3 Nc4 31. Bc1 Nd4 32. Nxd4 exd4 33. Nc5 Bc8 34. Bf1 Ne5 35. Kg2 Bf8 36. Bb2 Nd7 37. Bxd4 Nxc5 38. bxc5 h4 39. Be2 Be7 40. f4 Bd8 41. Bc3 Be7 42. Bb4 f6 43. gxf6 Bxf6 44. e5 Be7 45. Bg4 Bb7 46. Kf3 Kf7 47. Ke4 Bd8 48. Kd4 Bc7 49. Be1 Bd8 50. Kc4 Be7 51. Kb4 Bd8 52. Bc3 Bc7 53. Bd4 Bd8 54. e6+ Ke7 55. Be5 Ba8 56. Bd6+ Kf6 57. Be5+ Ke7 58. Kc4 Bxa5 59. Bd6+ Kd8 60. f5 gxf5 61. e7+ 1-0

[Event "HUN-chT2 Asztalos 1415"]
[Site "Hungary"]
[Date "2014.12.14"]
[Round "4"]
[White "Horvath, Csaba1111"]
[Black "Hegedus, Dominik"]
[Result "0-1"]
[WhiteElo "1809"]
[BlackElo "1640"]
[PlyCount "142"]
[EventDate "2014.10.12"]
[EventType "team-tourn"]
[EventRounds "9"]
[EventCountry "HUN"]
[SourceTitle "EXT 2016"]
[Source "ChessBase"]
[SourceDate "2015.10.08"]
[SourceVersion "1"]
[SourceVersionDate "2015.10.08"]
[SourceQuality "1"]
[WhiteTeam "Szentlorinc"]
[BlackTeam "Decs II"]
[WhiteTeamCountry "HUN"]
[BlackTeamCountry "HUN"]

1. c4 Nf6 2. Nc3 g6 3. e4 d6 4. d3 Bg7 5. Nf3 0-0 6. Be2 e5 7. 0-0 Nfd7 8. Ne1 f5 9. exf5 gxf5 10. Bd2 Nc6 11. Qc1 Nd4 12. Bf3 Nxf3+ 13. Nxf3 Nc5 14. Qc2 a5 15. Be3 Ne6 16. Rad1 f4 17. Bc1 Ng5 18. Nxg5 Qxg5 19. Ne4 Qg6 20. f3 Rf5 21. Kh1 Rh5 22. g4 fxg3 23. Rd2 Bh3 24. Rg1 g2+ 25. Rdxg2 Bxg2+ 26. Qxg2 Qxg2+ 27. Rxg2 Rf8 28. Rg3 h6 29. Kg2 Kh7 30. Be3 Bh8 31. a3 Rg8 32. b4 axb4 33. axb4 Rf5 34. Rxg8 Kxg8 35. Bxh6 Bg7 36. Be3 Rf8 37. Kg3 Ra8 38. Kg4 Ra3 39. Nf2 c6 40. Kf5 Kf7 41. h4 Rb3 42. Ne4 Rxd3 43. Ng5+ Ke7 44. Bb6 Rb3 45. Kg6 Bf6 46. Bd8+ Kxd8 47. Kxf6 Rxb4 48. h5 Rxc4 49. h6 Rh4 50. Kg7 b5 51. h7 Rxh7+ 52. Kxh7 b4 53. Ne4 Ke7 54. Kg6 Ke6 55. Kg5 b3 56. f4 exf4 57. Kxf4 Kd5 58. Nd2 b2 59. Ke3 c5 60. Kd3 c4+ 61. Kc2 Kd4 62. Nf3+ Ke3 63. Nd2 d5 64. Kc3 d4+ 65. Kc2 c3 66. Nb1 Ke2 67. Na3 d3+ 68. Kxc3 d2 69. Kxb2 d1Q 70. Nb1 Kd3 71. Na3 Qa4 0-1